000
00302nam a2200121Ia 4500
008
240624s9999 xx 000 0 und d
041
_a
eng
082
_a
891.43 JOS
100
_a
JOSHI SHARAD
245
_a
HUM BHRASHTAN KE BHRASHT HAMARE
260
_c
2010
_a
New Delhi
_b
Bhartiya Jnanpith
365
_c
RS
999
_c
17138
_d
17138